00679nam a2200229 a 4500001001300000003000900013005001700022008004100039020002300080082001500103100001500118245005600133260003100189300000900220500003500229650002200264700001500286902000800301942000700309952011600316999001700432nice12345678IN_TiNIC20260116014520.0100108s2010 dela grp 000 0 eng  a9788189110222c79500a305.4bJOS aJoshi, Ila aWomen Networkingb Its Applications and Implication aDelhi bWomen Press c2010 a211p aincludes index and biblioraphy aWomen-Empowerment1 aJoshi, Ila bSRS cBK 001040708StackRoom-aHMIbHMId2010-01-08g795.00l0o305.4 JOSp023036r2010-01-08v795.00w2010-01-08yBK c15723d15723